| 000 | 00364nam a2200157Ia 4500 | ||
|---|---|---|---|
| 008 | 241014s9999||||xx |||||||||||||| ||und|| | ||
| 020 | _a0471865591 | ||
| 060 | _aHD 30 T 1983 | ||
| 100 | _aTichy, Noel M. | ||
| 245 | 0 | _aManaging Strategic Change | |
| 250 | _a1983 | ||
| 260 |
_aNew York _bWiley |
||
| 300 | _a434 | ||
| 650 | _aManagement | ||
| 942 |
_bIBHM _cBK |
||
| 999 |
_c16401 _d16401 |
||